| 000 | 01222nam0a22002771 4500 | ||
|---|---|---|---|
| 001 | rc\2292033 | ||
| 005 | 20110829135247.9 | ||
| 035 | _a(NLR Aleph) 006565562 | ||
| 090 |
_a6889776 _c6889776 |
||
| 100 | _a20110829d1979 |||y0rusy50 ca | ||
| 101 | 0 | _arus | |
| 102 | _aRU | ||
| 105 | _aa z ||||| | ||
| 200 | 1 |
_aАктуальные вопросы профилактики малярии в Азербайджанской ССР _eПо материалам докл. на науч. конф. ИМП и ТМ им. Е.И. Марциновского, 23 марта 1977 г. _fМ-во здравоохранения СССР, Ин-т мед. паразитологии и троп. медицины им. Е.И. Марциновского _gПод ред. и с предисл. проф. Л.И. Прокопенко |
|
| 210 |
_aМосква _cБ. и. _d1979 |
||
| 215 |
_a91 с. _cил. _d21 |
||
| 320 | _aБиблиогр. в конце докл. | ||
| 333 | _aДСП. Экз. № 6 | ||
| 702 | 1 |
_aПрокопенко _bЛ. И. _4340 _4080 |
|
| 801 | 0 |
_aRU _bNLR _gpsbo |
|
| 801 | 1 |
_aRU _bELAR _2rusmarc |
|
| 852 |
_aNLR _j79-50К/4963 |
||
| 899 |
_aRuMoRGB _jДСП/ |
||
| 899 |
_aRuMoRGB _j22 79/67 |
||
| 942 | _cBOOK | ||
| 980 | _aNB | ||